LEGO Ninjago: Nindroid Minifigures by Picture - Statistics

General Stats
  • This quiz has been taken 18 times
  • The average score is 6 of 8
Answer Stats
Picture Answer % Correct
Zane
100%
P.I.X.A.L.
86%
Echo Zane
79%
General Cryptor
79%
Mr. E
79%
Mr. F
79%
Min-Droid
64%
Sentry General
43%
No matching quizzes found
Score Distribution
Percent of People with Each Score
Percentile by Number Answered
Your Score History
You have not taken this quiz